Eastern Utah Libraries Catalog: Duchesne, Heber, Roosevelt, & Vernal

You can! / (Record no. 378496)

MARC details
000 -LEADER
fixed length control field 02558nam a2200529 i 4500
001 - CONTROL NUMBER
control field 3330596
005 - DATE AND TIME OF LATEST TRANSACTION
control field 20221102132233.0
008 - FIXED-LENGTH DATA ELEMENTS--GENERAL INFORMATION
fixed length control field 220929s2022 maua b 000 1 eng d
010 ## - LIBRARY OF CONGRESS CONTROL NUMBER
LC control number 2021953471
020 ## - INTERNATIONAL STANDARD BOOK NUMBER
International Standard Book Number 9781536225433 :
Terms of availability $18.99
020 ## - INTERNATIONAL STANDARD BOOK NUMBER
International Standard Book Number 1536225436 :
Terms of availability $18.99
035 ## - SYSTEM CONTROL NUMBER
System control number (OCoLC)1294283931
035 ## - SYSTEM CONTROL NUMBER
System control number (OCoLC)on1294283931
035 ## - SYSTEM CONTROL NUMBER
System control number 3305019
040 ## - CATALOGING SOURCE
Original cataloging agency PABRO
Language of cataloging eng
Description conventions rda
Transcribing agency PABRO
050 #4 - LIBRARY OF CONGRESS CALL NUMBER
Classification number PZ7.1.S77
Item number You 2022
082 04 - DEWEY DECIMAL CLASSIFICATION NUMBER
Classification number [E]
Edition number 23
092 ## - LOCALLY ASSIGNED DEWEY CALL NUMBER (OCLC)
Classification number children nonfiction
Item number Strick
100 1# - MAIN ENTRY--PERSONAL NAME
Personal name Strick, Alexandra,
Relator term author.
9 (RLIN) 6457359
245 10 - TITLE STATEMENT
Title You can! /
Statement of responsibility, etc Alexandra Strick ; illustrated by Steve Anthony.
250 ## - EDITION STATEMENT
Edition statement First US edition.
264 #1 - Production, Publication, Distribution, Manufacture, and Copyright Notice.
Place of production, publication, distribution, manufacture Somerville, Massachusetts :
Name of producer, publisher, distributor, manufacturer Candlewick Press,
Date of production, publication, distribution, manufacture, or copyr 2022.
300 ## - PHYSICAL DESCRIPTION
Extent 1 volume (unpaged) :
Other physical details color illustrations ;
Dimensions 28 cm
336 ## - Content Type
Content type term text
337 ## - Media type
Media type term unmediated
338 ## - Carrier type
Carrier type term volume
500 ## - GENERAL NOTE
General note "Kids empowering kids"--Cover.
520 ## - SUMMARY, ETC.
Summary, etc Publisher Annotation: You can . . . be brave, challenge yourself, overcome your fears, be kind, be YOU! Come on an amazing journey with fourteen young people as they grow from birth to eighteen, learning new skills, exploring new worlds, standing up for their own and others' rights, and following their dreams. Created in consultation with real young adults, Alexandra Strick's groundbreaking narrative will inspire and empower young people of all ages and abilities to believe in themselves and follow their own path, especially during tough times.
521 1# - TARGET AUDIENCE NOTE
Target audience note 3-8
Source Brodart.
521 2# - TARGET AUDIENCE NOTE
Target audience note P-3
Source Brodart.
650 #0 - SUBJECT ADDED ENTRY--TOPICAL TERM
Topical term or geographic name as entry element Self-actualization (Psychology)
Form subdivision Juvenile fiction.
9 (RLIN) 5686575
650 #1 - SUBJECT ADDED ENTRY--TOPICAL TERM
Topical term or geographic name as entry element Self-actualization (Psychology)
Form subdivision Fiction.
9 (RLIN) 5679125
650 #0 - SUBJECT ADDED ENTRY--TOPICAL TERM
Topical term or geographic name as entry element Self-realization
Form subdivision Juvenile fiction.
9 (RLIN) 5742904
650 #1 - SUBJECT ADDED ENTRY--TOPICAL TERM
Topical term or geographic name as entry element Self-realization
Form subdivision Fiction.
9 (RLIN) 5678607
650 #0 - SUBJECT ADDED ENTRY--TOPICAL TERM
Topical term or geographic name as entry element Picture books for children.
650 #1 - SUBJECT ADDED ENTRY--TOPICAL TERM
Topical term or geographic name as entry element Picture books.
650 #7 - SUBJECT ADDED ENTRY--TOPICAL TERM
Topical term or geographic name as entry element JUVENILE FICTION / Special Needs.
Source of heading or term bisacsh
9 (RLIN) 6362186
650 #7 - SUBJECT ADDED ENTRY--TOPICAL TERM
Topical term or geographic name as entry element JUVENILE FICTION / LGBTQ+.
Source of heading or term bisacsh
9 (RLIN) 6425858
650 #7 - SUBJECT ADDED ENTRY--TOPICAL TERM
Topical term or geographic name as entry element JUVENILE FICTION / Diversity & Multicultural.
Source of heading or term bisacsh
9 (RLIN) 6432302
700 1# - ADDED ENTRY--PERSONAL NAME
Personal name Antony, Steve,
Relator term illustrator.
9 (RLIN) 5985382
942 ## - ADDED ENTRY ELEMENTS (KOHA)
Source of classification or shelving scheme Dewey Decimal Classification
Koha item type BOOK
Holdings
Withdrawn status Lost status Source of classification or shelving scheme Damaged status Not for loan Collection code Home library Current library Shelving location Date acquired Source of acquisition Total Checkouts Total Renewals Full call number Barcode Date last seen Date checked out Cost, replacement price Price effective from Koha item type
    Dewey Decimal Classification     Children NonFiction Wasatch County Library Wasatch County Library Main Floor Childrens Area 11/02/2022 Micromarketing 15 16 E Mine/Body Self-Esteem Strick 34301001868548 03/02/2026 01/20/2026 18.99 11/02/2022 BOOK
This project was made possible through a grant from the Institute of Museum and Library Service administered by the Utah State Library Division.

Wasatch County Library

  • 465 East 1200 South, Heber City, Utah 84032
  • Phone 435-654-1511 | Fax 435-654-6456

Hours

  • Monday - Friday 9:30 AM - 8:00 PM
  • Saturday 9:30 AM - 1:30 PM
  • Closed Sundays and Holidays